Endless journey : (Record no. 72354)

MARC details
000 -LEADER
fixed length control field 01091nam a22003377a 4500
003 - CONTROL NUMBER IDENTIFIER
control field URS
005 - DATE AND TIME OF LATEST TRANSACTION
control field 20230817125824.0
008 - FIXED-LENGTH DATA ELEMENTS--GENERAL INFORMATION
fixed length control field 181214t20152015ph b 001 0aeng
010 ## - LIBRARY OF CONGRESS CONTROL NUMBER
LC control number 2015321117
020 ## - INTERNATIONAL STANDARD BOOK NUMBER
International Standard Book Number 9789719518938 (hard)
020 ## - INTERNATIONAL STANDARD BOOK NUMBER
International Standard Book Number 9789719518921 (paperback)
040 ## - CATALOGING SOURCE
Original cataloging agency DLC
Language of cataloging eng
Transcribing agency DLC
Description conventions rda
Modifying agency DLC
042 ## - AUTHENTICATION CODE
Authentication code lcode
-- pcc
043 ## - GEOGRAPHIC AREA CODE
Geographic area code a-ph---
050 00 - LIBRARY OF CONGRESS CALL NUMBER
Classification number DS 686.616.A46
Item number Al68 2015
100 1# - MAIN ENTRY--PERSONAL NAME
Personal name Almonte, Jose T.
Relator term author.
245 10 - TITLE STATEMENT
Title Endless journey :
Remainder of title a memoir /
Statement of responsibility, etc. Jose T. Almonte as told to Marites Dañguilan Vitug.
264 #1 - PRODUCTION, PUBLICATION, DISTRIBUTION, MANUFACTURE, AND COPYRIGHT NOTICE
Place of production, publication, distribution, manufacture Quezon City, Philippines :
Name of producer, publisher, distributor, manufacturer Cleverheads Publishing,
Date of production, publication, distribution, manufacture, or copyright notice [2015]
264 #4 - PRODUCTION, PUBLICATION, DISTRIBUTION, MANUFACTURE, AND COPYRIGHT NOTICE
Date of production, publication, distribution, manufacture, or copyright notice ©2015
300 ## - PHYSICAL DESCRIPTION
Extent vi, 395 pages ;
Dimensions 24 cm
336 ## - CONTENT TYPE
Content type term text
Source rdacontent
337 ## - MEDIA TYPE
Media type term unmediated
Source rdamedia
338 ## - CARRIER TYPE
Carrier type term volume
Source rdacarrier
504 ## - BIBLIOGRAPHY, ETC. NOTE
Bibliography, etc. note Includes bibliographical references (pages 341-363) and index.
546 ## - LANGUAGE NOTE
Language note In English.
600 10 - SUBJECT ADDED ENTRY--PERSONAL NAME
Personal name Almonte, Jose T.
610 10 - SUBJECT ADDED ENTRY--CORPORATE NAME
Corporate name or jurisdiction name as entry element Philippines.
Subordinate unit Army
9 (RLIN) 3312
650 #0 - SUBJECT ADDED ENTRY--TOPICAL TERM
Topical term or geographic name entry element Generals
Geographic subdivision Philippines
Form subdivision Biography
700 1# - ADDED ENTRY--PERSONAL NAME
Personal name Vitug, Marites Dañguilan
Relator code Almonte, Jose T
942 ## - ADDED ENTRY ELEMENTS (KOHA)
Source of classification or shelving scheme Library of Congress Classification
Koha item type Filipiniana
Holdings
Withdrawn status Source of classification or shelving scheme Damaged status Not for loan Home library Current library Shelving location Date acquired Total Checkouts Full call number Barcode Date last seen Price effective from Koha item type Collection code Source of acquisition Copy number
  Library of Congress Classification     Antipolo College Library Antipolo College Library Filipiniana Section 10/23/2025   DS 686.616.A46 Al68 2015   03/30/2026 03/30/2026 Filipiniana Non-fiction Purchased 1
  Library of Congress Classification     Tanay College Library Tanay College Library Reserve Section 12/14/2018   DS 686.616.A46 Al68 2015 URSTAN-D1782 07/02/2019 05/30/2019 Filipiniana      

University of Rizal System
Email us at univlibservices@urs.edu.ph

Visit our Website www.urs.edu.ph/library